01142nac a22002891i 4500003000900000005001700009008004100026020002800067040004300095082002300138100003200161245011800193264003800311300004400349336002600393337002800419338002700447500002100474651004700495651004300542651005100585655001700636700003800653942001200691999001500703952013400718EG-ScBUE20230726111835.0230726s1990 nyua f 001 0 eng d a0816010544 (alk. paper) aEG-ScBUEbengerdacEG-ScBUEdEG-ScBUE04a916.10449bCAN2221 aCanby, Courtlandt,eauthor.12aA guide to the archaeological sites of Israel, Egypt, and North Africa /cCourtlandt Canby with Arcadia Kocybala. 1aNew York :bFacts on File,c1990. aix, 278 pages :billustrations ;c25 cm 2rdacontentatextbtxt 2rdamediaaunmediatedbn 2rdacarrieravolumebnc aIncludes index.  7aPalestinexAntiquitiesxGuidebooks.2BUEsh 7aEgyptxAntiquitiesxGuidebooks.2BUEsh 7aAfrica, NorthxAntiquitiesxGuidebooks.2BUEsh vReading book1 aKocybala, Arcadia Xenia,eauthor. cBB2ddc c7565d7565 00102ddc40708AlahramaMAINbMAINc2NDd2008-01-29ePurchasel0o916.10449 CANp000008952r2025-07-15 00:00:00w2008-01-29yBB